000 00633nam a22002057i 4500
001 6276
003 OSt
005 20181025131709.0
007 tu
008 161220s1998 xxu||||| |||| 00| 0 eng d
024 7 _a6276
_2RID
024 7 _a6276
_2RSN (alt)
040 _cOSt
041 _aeng
245 0 0 _aIncome and Benefits for Early Exit from the Labour market in Eight European Countries
_bA Comperative Study
260 _aBrussels :
_bECSC-EEC-EAEC,
_c1998.
110 2 _aEuropean Commission - Directorate-General for Economic and Financial Affairs
490 _aEuropean Economy. Reports and Studies
_v3
_x0379-0991
942 _cP
999 _c5883
_d5883